<?xml version="1.0" encoding="UTF-8"?>
<collection xmlns="http://www.loc.gov/MARC21/slim">
 <record>
  <leader>01618nam a2200229Ia 4500</leader>
  <controlfield tag="001">CTU_165840</controlfield>
  <controlfield tag="008">210402s9999    xx            000 0 und d</controlfield>
  <datafield tag="020" ind1=" " ind2=" ">
   <subfield code="c">14.99</subfield>
  </datafield>
  <datafield tag="082" ind1=" " ind2=" ">
   <subfield code="a">378.1662</subfield>
  </datafield>
  <datafield tag="082" ind1=" " ind2=" ">
   <subfield code="b">P579</subfield>
  </datafield>
  <datafield tag="100" ind1=" " ind2=" ">
   <subfield code="a">Pivarnik-Nova, Denise</subfield>
  </datafield>
  <datafield tag="245" ind1=" " ind2="0">
   <subfield code="a">Mastering the sat writing test :</subfield>
  </datafield>
  <datafield tag="245" ind1=" " ind2="3">
   <subfield code="b">An in-depth writing workout</subfield>
  </datafield>
  <datafield tag="245" ind1=" " ind2="0">
   <subfield code="c">Denise Pivarnik-Nova</subfield>
  </datafield>
  <datafield tag="260" ind1=" " ind2=" ">
   <subfield code="a">Hoboken, NJ</subfield>
  </datafield>
  <datafield tag="260" ind1=" " ind2=" ">
   <subfield code="b">Wiley Pub.</subfield>
  </datafield>
  <datafield tag="260" ind1=" " ind2=" ">
   <subfield code="c">2005</subfield>
  </datafield>
  <datafield tag="520" ind1=" " ind2=" ">
   <subfield code="a">Is the dreaded SAT Writing Test weighing heavily on your mind? Get in shape to tackle it with this in-depth writing workout. In comfortable CliffsNotes® style, you'll get the information you need to improve your score-fast! Part I: Introduction An overview of the new SAT exam An overview of the Writing Test, including the essay and multiple-choice questions A diagnostic test Part II: The Essay and Verbal Review Essay writing skills, from topic sentences to conclusions Rules to review and remember  Sample essays with critiques on why they are good and how they could be better Review of grammar and usage you need to know Practice with multiple-choice questions  Practice writing essays Part III: Practice Exams Four full-length practice tests with complete answers and explanations Two model essay responses per test, each with suggested scoring and detailed analysis</subfield>
  </datafield>
  <datafield tag="650" ind1=" " ind2=" ">
   <subfield code="a">English language,SAT (Educational test),Anh ngữ,SAT (Giáo dục kiểm tra)</subfield>
  </datafield>
  <datafield tag="650" ind1=" " ind2=" ">
   <subfield code="x">Composition and exercises,Examinations,Thành phần và bài tập,Kỳ thi</subfield>
  </datafield>
  <datafield tag="904" ind1=" " ind2=" ">
   <subfield code="i">Trọng Hải</subfield>
  </datafield>
  <datafield tag="980" ind1=" " ind2=" ">
   <subfield code="a">Trung tâm Học liệu Trường Đại học Cần Thơ</subfield>
  </datafield>
 </record>
</collection>
